000 00484nam a2200181Ia 4500
008 220531s9999 xx 000 0 und d
041 _aeng
082 _b(HO / ARI
100 _aAriely, D.
_981736
245 _a(Honest) Truth About Dishonesty: How We Lie To everyone Especially Ourselves
250 _a1ST
260 _alondon
_bHarper Collins
_c2012
300 _a285
542 _d18-03-2016
650 _aGeneral
_981737
906 _d2015-2016
_f8758
999 _c45112
_d45112